Statistics for Jeopardy #8480

Click here to take the quiz!

General Stats

  • This quiz has been taken 22 times
  • The average score is 13 of 61

Answer Stats

CategoryCashClueAnswer% Correct
1871--150 YEARS AGO$200In Brooklyn this impresario opened his circus, calling it a traveling museum, menagerie, caravan & hippodrome(P.T.) Barnum
85%
GERUNDS$200Julia Child called the book titled "Joy of" this "a fundamental resource"Cooking
69%
1871--150 YEARS AGO$400William Woods Holden of North Carolina became the USA's first governor removed from office via this processimpeachment
69%
SOME FUN AND GAMES$800Based on a Mongol attack on Japan in 1274, "Ghost of Tshushima" has you battle as one of these & struggle to live to their codea samurai
62%
SOME FUN AND GAMES$400You open an imaginary curtain to indicate the category is a play title in this game; first word...!Charades
62%
CITIES OF IRELAND$400The name of this capital means "black pool", referring to the dark waters of the River LiffeyDublin
62%
GERUNDS$600A recital of a literary work, or a service performed by a psychica reading
54%
1871--150 YEARS AGO$600March 21 saw the first meeting of a united Germany's Reichstag, or parliament, with this man as the first chancellorBismarck
54%
SOME FUN AND GAMES$600The heads of 4 amphibious ungulates gobble up marbles in this Hasbro gameHungry Hungry Hippos
54%
1871--150 YEARS AGO$1000This performance space that seats more than 5,000 was opened by Queen VictoriaRoyal Albert Hall
46%
GERUNDS$800Freefalling & the canopy ride are segments of this activityskydiving
46%
WAITER, THERE'S A BUG IN MY MOVIE$2002018: "Ant-Man and the ____ "Wasp
46%
WAITER, THERE'S A BUG IN MY MOVIE$10001958, remade in 1986: "The ____"Fly
38%
GERUNDS$400Of all sad words of tongue or sign, the saddest are "We no longer validate" thisparking
38%
WAITER, THERE'S A BUG IN MY MOVIE$8002002, desert battles in the ancient world: "The ____ King"Scorpion
38%
THE BANDS THEY FRONTED$400David Lee RothVan Halen
38%
CITIES OF IRELAND$800Galway is home to a national theater dedicated to works in the language called Irish thisGaelic
31%
THE BANDS THEY FRONTED$800Since the '70s & right through today: Belinda CarlisleGo-Go\'s
31%
SPIN CYCLE$1000Labs use this machine that spins fluids to do your hematocrit, or blood analysiscentrifuge
23%
THE BANDS THEY FRONTED$1200Until they broke up in 1980: Robert PlantLed Zeppelin
23%
THE BANDS THEY FRONTED$2000As a teen: Ricky MartinMenudo
23%
SOME FUN AND GAMES$1000A "red snake" bet in this wheel game winds through 3 columns from 1 to 34roulette
23%
SPIN CYCLE$600A story says Babe Ruth's eyesight was so good he could read the label on one of these records of his day named for its RPM78
15%
CITIES OF IRELAND$2000A town called Drogheda sits on this river that lends its name to a decisive 1690 battleBoyne
15%
NAME CALLING$400This man adapted Charles Barbier's night writing code into a writing system for the blindBraille
15%
NAME CALLING$1200Creator of TV's "Fargo", Noah Hawley won this mystery award named for a certain Poe-etEdgar
15%
SPIN CYCLE$400A spin is named for Denise Biellmann, a Swiss star in this sportfigure skating
15%
THE BANDS THEY FRONTED$1600Before launching a solo country career: Darius RuckerHootie & the Blowfish
15%
WAITER, THERE'S A BUG IN MY MOVIE$6001938, a Disney "Silly Symphony": "____ and the Flame"Moth
15%
FOR YOUR REFERENCE$200"Cyrus, epirus, papyrus, virus" is an entry in the Oxford Dictionary of theseRhymes
15%
FOR YOUR REFERENCE$800He divided the contents of his first thesaurus into 6 classes, just as his hero Linnaeus had done with animalsRoget
15%
WAITER, THERE'S A BUG IN MY MOVIE$4002018: "The Girl in ____ ____ ____"the Spider\'s Web
15%
CITIES OF IRELAND$1200It was a long way to this city for the English King John, who built a castle there when he was governorTipperary
15%
NAME CALLING$800This large Howitzer was named for the woman who once owned the Krupp Armaments CompanyBig Bertha
8%
SCIENCE$1600Astronomers recently found a cluster of these cosmic bodies & think their collisions were the source of gravitational wavesblack holes
8%
THAT'S A BIG BOOK$1600There's a synonym for "dreary" in the title, then 67 chapters of Jarndyce v. Jarndyce court action in this Dickens workBleak House
8%
ALLITERATION$800Drew Brees, who didn't put on pads until high school, started an organization to promote this coed, non-contact gameflag football
8%
THAT'S A BIG BOOK$400If you're not a fan of long, long fiction, this 1862 Victor Hugo work will make you... what's the word... unhappy? Wretched?Les Misérables
8%
THAT'S A BIG BOOK$800"Of man's first disobedience, and the fruit" is the first of this poem's more than 10,000 linesParadise Lost
8%
SPIN CYCLE$800In the movie "White Nights", Mikhail Baryshnikov does a 3,960-degree turn, 11 in a row of thesepirouettes
8%
SPIN CYCLE$200You'll also need handsticks if you're buying these to spin in your juggling act, as Senor Wences didplates
8%
ALLITERATION$400This kids' game, this kids' game, send a response right over by knowing it's a team line-breaking gameRed Rover
8%
SCIENCE$400Stannite is a sulfide ore of copper, iron & this metaltin
8%
GERUNDS$1000Involving papers to be kept as a record, it's the process of delivering claims to a courta filing
0%
THAT'S A BIG BOOK$1200Might seem that way, but it won't take a hundred years to read this 1974 James Michener bestseller about the American WestCentennial
0%
SOME FUN AND GAMES$200In blackjack this alliterative phrase means betting your original amount again & getting just one more carddoubling (double) down
0%
FOR YOUR REFERENCE$1000"Do not break sentences in two" & "use the active voice" were among William Strunk's original these title principlesElements of Style
0%
1871--150 YEARS AGO$800This reporter for the New York Herald seen here made his way to Lake Tanganyika & a memorable encounter(Henry Morton) Stanley
0%
NAME CALLING$1600Around 1860 this man blazed a trail from Kansas & established a trading post in Oklahoma TerritoryJesse Chisholm
0%
FOR YOUR REFERENCE$400John was the first name of this Massachusetts bookseller who published his first volume of quotations in 1855(John) Bartlett
0%
NAME CALLING$2000Disraeli was among those who called this man's carriages "the gondolas of London"(Joseph) Hansom
0%
ALLITERATION$1600The middle horse has this condition, kind of the opposite of bow-leggedknock-knee
0%
THAT'S A BIG BOOK$2000Book 10 of this Thomas Malory work has 88 chapters, & there are 21 books--just sayin'Le Morte d\'Arthur
0%
ALLITERATION$1200To have fun, to enjoy oneself; a character in Shakespeare "must" do this "with the duchess' gold"make merry
0%
SCIENCE$800For butterflies, the pupa is the third stage in this processmetamorphosis
0%
SCIENCE$1200Also called thrombocytes, these cell fragments found in the blood are involved in clottingplatelets
0%
SCIENCE$2000It's the common term for animals of the order Lagomorpharabbits
0%
AMERICAN HISTORYN/AThe April 26, 1906 edition of The Call, a newspaper in this city, reported on the heroic death of hoseman James O'NeilSan Francisco
0%
ALLITERATION$2000A folktale tells of a hungry man who convinces people he can make a tasty pot of this, then gets them to add actual foodstone soup
0%
CITIES OF IRELAND$1600Archaeologists in Cork found Viking artifacts that threaten to shatter this city's "oldest in Ireland" status like its crystalWaterford
0%
FOR YOUR REFERENCE$600The first book with this repetitive title was published in London in 1849; today it's followed by "in Dentistry", among many othersWho\'s Who
0%

Score Distribution

Percentile by Number Answered

Percent of People with Each Score

Your Score History

You have not taken this quiz